|
|
|
|
| LEADER |
01226nam a2200337 u 4500 |
| 001 |
10039744 |
| 003 |
upatras |
| 005 |
20210117195842.0 |
| 008 |
010411s1994 uk eng |
| 020 |
|
|
|a 0500202680
|
| 040 |
|
|
|a GR-PaULI
|c GR-PaULI
|
| 041 |
0 |
|
|a eng
|
| 082 |
0 |
4 |
|a 709.04
|
| 245 |
1 |
0 |
|a Concepts of modern art
|b from fauvism to postmodernism
|c edited by Nikos Stangos
|
| 250 |
|
|
|a 3rd edition
|
| 260 |
|
|
|a London
|b Thames and Hudson
|c 1994
|
| 300 |
|
|
|a 424 p.
|b phot.
|c 21 cm.
|
| 490 |
0 |
|
|a World of art
|
| 500 |
|
|
|a 139 illustrations
|
| 504 |
|
|
|a Includes bibliography and index
|
| 650 |
|
4 |
|a Μοντερνισμός (Τέχνη)
|9 8129
|
| 650 |
|
4 |
|a Τέχνη
|x Ιστορία
|9 6179
|
| 650 |
|
4 |
|a Τέχνη
|x Θεωρία
|9 6180
|
| 650 |
|
4 |
|9 6238
|a Τέχνη
|y 20ός αιώνας.
|
| 700 |
1 |
|
|a Stangos, Nikos
|4 edt
|9 28294
|
| 760 |
0 |
|
|a World of art
|
| 852 |
|
|
|a GR-PaULI
|b ΠΑΤΡΑ
|b ΑΡΧΙΤΕΚΤΟΝΙΚΗ
|k ΑΣΧΞ-2
|h 709.04 S
|m 001690
|p 025000094679
|t 1
|
| 942 |
|
|
|2 ddc
|c BK15
|
| 952 |
|
|
|0 0
|1 0
|4 0
|6 709_040000000000000_S
|7 0
|9 26433
|a ARCH
|b ARCH
|d 2016-04-24
|i 001690
|l 2
|o 709.04 S
|p 025000094679
|r 2020-01-15 00:00:00
|s 2020-01-09
|t 1
|w 2016-04-24
|y BK15
|
| 998 |
|
|
|c MANIAKH
|d 2001-04
|
| 999 |
|
|
|c 16854
|d 16854
|